MARC

LEADER 00000nam0a2200000 4500
001 369941
005 20231102012231.0
035 |a (RuTPU)RU\TPU\retro\27349 
090 |a 369941 
100 |a 20220609d1979 km y0rusy50 ca 
101 0 |a rus 
102 |a RU 
105 |a a z 001zy 
200 1 |a Сборник вопросов, упражнений и задач по радиоэлектронике  |e учебное пособие для среднего профессионального образования  |f О. В. Долженко, Г. В. Королев 
210 |a Москва  |c Высшая школа  |d 1979 
215 |a 104 с.  |c ил. 
225 1 |a Профтехобразование. Радиоэлектроника 
320 |a Библиогр.: с. 104 
606 1 |a Радиоэлектроника  |2 stltpush  |3 (RuTPU)RU\TPU\subj\69507  |9 84342 
610 1 |a учебные пособия 
610 1 |a учебные пособия 
610 1 |a упражнения 
610 1 |a задачи 
610 1 |a полупроводниковые приборы 
610 1 |a источники питания 
610 1 |a усилители 
610 1 |a генераторы гармонических колебаний 
610 1 |a генераторы импульсных сигналов 
610 1 |a радиоаппаратура 
675 |a 621.37/.39(076)  |v 4 
700 1 |a Долженко  |b О. В.  |g Олег Владимирович 
701 1 |a Королев  |b Г. В.  |g Геннадий Васильевич 
801 1 |a RU  |b 63413507  |c 20220609 
942 |c BK